Statistics for May 16th: Birthdays

Click here to take the quiz!

General Stats

  • This quiz has been taken 8 times
  • The average score is 4 of 12

Answer Stats

YearClueAnswer% Correct
1966Sister of Michael JacksonJanet Jackson
88%
1986Actress in TransformersMegan Fox
88%
1953Actor in Golden EyePierce Brosnan
75%
1905Actor in On Golden PondHenry Fonda
63%
19554 x Olympic gold 1972, 76, in GymnasticsOlga Korbut
25%
1861Serial killer associated with 27 deaths,H. H. Holmes
13%
1941Spy for the Soviet UnionAldrich Ames
0%
1928Played in the World Series 1951, 52, 53, 56Billy Martin
0%
1831Invented the microphoneDavid Hughes
0%
1938Wrote computer program SketchpadIvan Sutherland
0%
1919Acted as Evil Chandell on BatmanLiberance
0%
1801Governor of New YorkWilliam Seward
0%

Score Distribution

Percentile by Number Answered

Percent of People with Each Score

Your Score History

You have not taken this quiz